000
00278nam a22001337a 4500
082
_a
894.812
_b
BHA/S
100
_a
BHASAN
245
_a
SWAPNA VASAVADATHAM
260
_a
KOZHIKODE
_b
CALICUT UNIVERSITY
_c
1996
300
_a
118
520
_a
NOVEL
650
_a
NOVEL
942
_c
BK
999
_c
5495
_d
5495